The American Heritage Dictionary of the English Language (Record no. 1691)

000 -LEADER
fixed length control field 00816nam a22002417a 4500
003 - CONTROL NUMBER IDENTIFIER
control field OSt
005 - DATE AND TIME OF LATEST TRANSACTION
control field 20210421080618.0
008 - FIXED-LENGTH DATA ELEMENTS--GENERAL INFORMATION
fixed length control field 210224s1970 ||||| |||| 00| 0 eng d
020 ## - INTERNATIONAL STANDARD BOOK NUMBER
International Standard Book Number 395090644 (de luxe edition)
020 ## - INTERNATIONAL STANDARD BOOK NUMBER
International Standard Book Number 395090652 (plain edges)
020 ## - INTERNATIONAL STANDARD BOOK NUMBER
International Standard Book Number 395090660 (thumb-indexed)
020 ## - INTERNATIONAL STANDARD BOOK NUMBER
International Standard Book Number 395090709 (school edition)
040 ## - CATALOGING SOURCE
Original cataloging agency eng
Language of cataloging eng
Transcribing agency DLC
041 ## - LANGUAGE CODE
Language code of text/sound track or separate title eng
080 ## - UNIVERSAL DECIMAL CLASSIFICATION NUMBER
Universal Decimal Classification number 811-3
Item number M-86
100 ## - MAIN ENTRY--PERSONAL NAME
9 (RLIN) 1102
Personal name Morris, William
Relator term Editor
245 ## - TITLE STATEMENT
Title The American Heritage Dictionary of the English Language
Statement of responsibility, etc. / by: American Heritage Publishing Co, Inc and Houghton Mifflin Company
260 ## - PUBLICATION, DISTRIBUTION, ETC.
Place of publication, distribution, etc. Boston
Name of publisher, distributor, etc. American Heritage Publishing Co, Inc and Houghton Mifflin Company
Date of publication, distribution, etc. 1970
300 ## - PHYSICAL DESCRIPTION
Extent 1551 p.
Other physical details ill.
650 #0 - SUBJECT ADDED ENTRY--TOPICAL TERM
9 (RLIN) 452
Topical term or geographic name entry element Dictionary
653 ## - INDEX TERM--UNCONTROLLED
Uncontrolled term ლექსიკონი
942 ## - ADDED ENTRY ELEMENTS (KOHA)
Source of classification or shelving scheme
Koha item type Books
Holdings
Withdrawn status Lost status Source of classification or shelving scheme Damaged status Not for loan Permanent location Current location Date acquired Inventory number Total Checkouts Full call number Barcode Date last seen Price effective from Koha item type
          Ken Walker International University Ken Walker International University 02/24/2021 1393   811-3 M-86 1393 02/24/2021 02/24/2021 Books

Powered by Koha